| 000 | 00852nam a2200229 a 4500 | ||
|---|---|---|---|
| 001 | 39827 | ||
| 003 | BD-RjUL | ||
| 005 | 20211209053051.0 | ||
| 008 | 160418s1971 ii a|||| |||| 00| 0 ben d | ||
| 020 | _c: TK. 10 | ||
| 035 | _a(BD-RjUL)39940 | ||
| 040 |
_aBD-RjUL _bben _cBD-RjUL |
||
| 041 | _aben | ||
| 082 |
_223 _bMEH 1971 _a954.14 |
||
| 100 |
_aমিএ, সুধীরকুমার _9122676 |
||
| 245 |
_aহুগলী জেলার দেব-দেউল / _c সুধীরকুমার মিএ |
||
| 260 |
_aকলিকাতা : _bআনন্দধারা প্রকাশন, _c১৯৭১ |
||
| 300 |
_a[৪২], ২২৯ পৃ.: _bচিএ ; _c২১ সেমি |
||
| 651 |
_aহুগলী (বেঙ্গল) _xইতিহাস _9183399 |
||
| 651 |
_aHuglee [Bengal] _xHistory _9183400 |
||
| 942 |
_2ddc _cBK |
||
| 999 |
_c39827 _d39827 |
||